<?xml version="1.0" encoding="UTF-8"?>
<record
    xmlns:xsi="http://www.w3.org/2001/XMLSchema-instance"
    xsi:schemaLocation="http://www.loc.gov/MARC21/slim http://www.loc.gov/standards/marcxml/schema/MARC21slim.xsd"
    xmlns="http://www.loc.gov/MARC21/slim">

  <leader>02204nam a22002537a 4500</leader>
  <controlfield tag="008">251112b        |||||||| |||| 00| 0 eng d</controlfield>
  <datafield tag="020" ind1=" " ind2=" ">
    <subfield code="a">9782749947204</subfield>
  </datafield>
  <datafield tag="040" ind1=" " ind2=" ">
    <subfield code="c">tbs</subfield>
  </datafield>
  <datafield tag="041" ind1=" " ind2=" ">
    <subfield code="a">fre</subfield>
  </datafield>
  <datafield tag="050" ind1=" " ind2=" ">
    <subfield code="a">PQ2674.O719 </subfield>
    <subfield code="b">G84 2024</subfield>
  </datafield>
  <datafield tag="100" ind1=" " ind2=" ">
    <subfield code="a">Norek, Olivier</subfield>
    <subfield code="9">26482</subfield>
    <subfield code="e">author</subfield>
  </datafield>
  <datafield tag="245" ind1=" " ind2=" ">
    <subfield code="a">Les guerriers de l'hiver</subfield>
    <subfield code="c">/ Olivier Norek.</subfield>
  </datafield>
  <datafield tag="260" ind1=" " ind2=" ">
    <subfield code="a">Paris :</subfield>
    <subfield code="b">Michel Lafon,</subfield>
    <subfield code="c">2024.</subfield>
  </datafield>
  <datafield tag="300" ind1=" " ind2=" ">
    <subfield code="a">446 pages :</subfield>
    <subfield code="b">illustrations, maps ; </subfield>
    <subfield code="c">23 cm.</subfield>
  </datafield>
  <datafield tag="520" ind1=" " ind2=" ">
    <subfield code="a">Je suis certain que nous avons r&#xE9;veill&#xE9; leur satan&#xE9; Sisu. Je ne parle pas leur langue, camarade. Et je ne pourrais te traduire ce mot, car il n'a d'&#xE9;quivalent nulle part ailleurs. Le Sisu est l'&#xE2;me de la Finlande. Il dit le courage, la force int&#xE9;rieure, la t&#xE9;nacit&#xE9;, la r&#xE9;sistance, la d&#xE9;termination ... Une vie aust&#xE8;re, dans un environnement hostile, a forg&#xE9; leur mental d'un acier qui nous r&#xE9;siste aujourd'hui." Imaginez un pays minuscule. Imaginez-en un autre, gigantesque. Imaginez maintenant qu'ils s'affrontent. Au c&#x153;ur du plus mordant de ses hivers, au c&#x153;ur de la guerre la plus meurtri&#xE8;re de son histoire, un peuple se dresse contre l'ennemi, et parmi ses soldats na&#xEE;t une l&#xE9;gende. La l&#xE9;gende de Simo, la Mort Blanche.</subfield>
  </datafield>
  <datafield tag="520" ind1=" " ind2=" ">
    <subfield code="a">&#x201C;I&#x2019;m certain we&#x2019;ve awakened their damned Sisu. I don&#x2019;t speak their language, comrade, and I couldn&#x2019;t translate that word for you, because it has no equivalent anywhere else. Sisu is the soul of Finland. It means courage, inner strength, tenacity, endurance, determination&#x2026; A harsh life in a hostile land has forged their minds from steel&#x2014;and that steel is resisting us today.&#x201D;

Imagine a tiny country. Now imagine another, vast and powerful. And now imagine them at war. In the grip of one of the fiercest winters, amid the deadliest war in its history, a nation rises against its enemy&#x2014;and among its soldiers, a legend is born. The legend of Simo, the White Death.</subfield>
  </datafield>
  <datafield tag="650" ind1=" " ind2="0">
    <subfield code="a">H&#xE4;yh&#xE4;, Simo</subfield>
    <subfield code="v">Fiction</subfield>
    <subfield code="9">26483</subfield>
  </datafield>
  <datafield tag="650" ind1=" " ind2="0">
    <subfield code="a">Russo-Finnish War, 1939-1940</subfield>
    <subfield code="v">Fiction</subfield>
    <subfield code="9">26484</subfield>
  </datafield>
  <datafield tag="650" ind1=" " ind2="0">
    <subfield code="a">Snipers</subfield>
    <subfield code="z">Finland </subfield>
    <subfield code="v">Fiction</subfield>
    <subfield code="9">26485</subfield>
  </datafield>
  <datafield tag="651" ind1=" " ind2="0">
    <subfield code="a">Finland</subfield>
    <subfield code="x">History </subfield>
    <subfield code="y">1939-1945</subfield>
    <subfield code="9">26486</subfield>
  </datafield>
  <datafield tag="655" ind1=" " ind2="0">
    <subfield code="a">Historical fiction</subfield>
    <subfield code="9">22722</subfield>
  </datafield>
  <datafield tag="655" ind1=" " ind2="0">
    <subfield code="a">Biographical fiction</subfield>
    <subfield code="9">23613</subfield>
  </datafield>
  <datafield tag="942" ind1=" " ind2=" ">
    <subfield code="2">lcc</subfield>
  </datafield>
  <datafield tag="952" ind1=" " ind2=" ">
    <subfield code="0">0</subfield>
    <subfield code="1">0</subfield>
    <subfield code="2">lcc</subfield>
    <subfield code="4">0</subfield>
    <subfield code="7">0</subfield>
    <subfield code="a">TBS</subfield>
    <subfield code="b">TBS</subfield>
    <subfield code="d">2025-11-12</subfield>
    <subfield code="l">0</subfield>
    <subfield code="o">P-FR NOR</subfield>
    <subfield code="p">B05655</subfield>
    <subfield code="r">2025-11-12</subfield>
    <subfield code="t">1</subfield>
    <subfield code="w">2025-11-12</subfield>
    <subfield code="y">1</subfield>
  </datafield>
  <datafield tag="999" ind1=" " ind2=" ">
    <subfield code="c">5172</subfield>
    <subfield code="d">5172</subfield>
  </datafield>
</record>
